|
|
|
|
| LEADER |
00982nam a22002657a 4500 |
| 001 |
38516 |
| 003 |
BD-DhAAL |
| 008 |
220517r20081978ii b 001 0 eng d |
| 999 |
|
|
|c 44182
|d 44182
|
| 020 |
|
|
|a 9788125916833
|
| 020 |
|
|
|a 8125916830
|
| 040 |
|
|
|a BD-DhAAL
|c BD-DhAAL
|
| 082 |
0 |
0 |
|a 346.5407
|2 22
|
| 100 |
1 |
|
|a Kuchhal, M.C.
|9 48442
|
| 245 |
1 |
0 |
|a Mercantile Law /
|c M.C. Kuchhal
|
| 250 |
|
|
|a Sixth edition
|
| 260 |
|
|
|a New Delhi :
|b Vikas Publishing House (P) Ltd,
|c c1978 [reprinted 2008].
|
| 300 |
|
|
|a xxviii, 660 pages ;
|c 21 cm.
|
| 504 |
|
|
|a Includes bibliographical references and index.
|
| 541 |
1 |
|
|a Donated By Akbar Ali Khan
|e 00014696
|
| 650 |
|
0 |
|a Commercial law
|z India.
|9 48443
|
| 650 |
|
0 |
|a Law.
|9 48444
|
| 852 |
4 |
|
|a Ayesha Abed Library
|c Akbar Ali Khan Collection
|
| 942 |
0 |
0 |
|0 3
|2 ddc
|c BK
|
| 952 |
|
|
|0 0
|1 0
|2 ddc
|4 0
|6 346_540700000000000_KUC
|7 1
|9 70623
|a BRACUL
|b BRACUL
|c AAKC
|d 2022-05-17
|e Donated by Akbar Ali Khan
|l 0
|o 346.5407 KUC
|p 3010038516
|r 2022-05-17
|t 1
|w 2022-05-17
|y BK
|